The girl with the lower back tattoo / (Registro nro. 14486)

Detalles MARC
000 -LIDER
fixed length control field 02642cam a2200325 i 4500
001 - NÚMERO DE CONTROL
Identificador de número de control
003 - IDENTIFICACDOR DE NÚMERO DE CONTROL
control field DO-SdBNP
005 - DATE AND TIME OF LATEST TRANSACTION
control field 20231107114821.0
008 - ELEMENTOS DE LONGITUD FIJA
fixed length control field 161013s2016 nyua 000 0aeng d
020 ## - ISBN
International Standard Book Number 9781501139888
Qualifying information
020 ## - ISBN
International Standard Book Number 1501139886
Qualifying information
020 ## - ISBN
Canceled/invalid ISBN
Qualifying information
035 ## - NÚMERO LOCAL
System control number (OCoLC)ocn954091842
037 ## - FUENTE DE ADQUISICIÓN
Source of stock number/acquisition Simon & Schuster, Order Dept 100 Front st, Riverside, NJ, USA, 08075
Note SAN 200-2442
040 ## - FUENTE DE CATALOGACIÓN
Agencia que crea de manera original el registro BPMSU
Idioma de catalogación spa
Agencia que realiza la transcripción BPMSU
041 17 - CÓDIGOS DE OBRAS TRADUCIDAS O EN VARIOS IDIOMAS
Código del idioma del texto/archivo de sonido o separata eng
082 #4 - NÚMERO DE CLASIFICACIÓN DECIMAL DE DEWEY
Classification number 792.2
Item number S392g 2016
Edition number 22
100 1# - ASIENTO PRINCIPAL -- NOMBRE PERSONAL
Nombre personal Schumer, Amy,
Mención de responsabilidad author.
245 14 - MENCIÓN DE TITULO
Título The girl with the lower back tattoo /
Mención de responsabilidad Amy Schumer.
260 ## - PUBLICACIÓN, DISTRIBUCIÓN, ETC. (PIE DE IMPRENTA)
Lugar de publicación, distribución, etc New York :
Nombre del editor, distribuidor, etc. Gallery Books,
Fecha de publicación, distribución, etc 2016
300 ## - DESCRIPCIÓN FÍSICA
Extensión viii, 323 p
Otros detalles físicos ils.;
Dimensiones 24 cm
505 0# - NOTA DE CONTENIDO
Texto normalizado de contenido A note to my readers -- An open letter to my vagina -- My only one-night stand -- I am an introvert -- On being new money -- An introduction to my stuffed animals -- Dad -- Excerpt from my journal in 1994 (age thirteen) with footnotes from 2016 -- Officially a woman -- Camp Anchor -- How I lost my virginity -- Things you don't know about me -- Can't knock the hustle -- Excerpt from my journal in 1999 (age eighteen) with footnotes from 2016 -- Faked it 'til I maked it -- Excerpt from my journal in 2001 (age twenty) with footnotes from 2016 -- Beautiful and strong -- Excerpt from my journal in 2003 (age twenty-two) with footnotes from 2016 -- How to become a stand-up comedian -- Times it's okay for a man not to make a woman come during sex -- The worst night of my life -- Things that make me insanely furious -- Athletes and musicians -- Letter to the editor -- Secret bad habits -- Mom -- NYC apartments -- Blackouts and stem cells -- An exciting time for women in Hollywood -- Mayci and Jillian -- Things that make me happy -- The sun will come out tomorrow -- What I want people to say at my funeral -- Rider for the funeral of Amy Schumer -- Forgiving my lower back tattoo.
520 ## - RESUMEN, ETC.
Nota de resumen, etc. Amy Schumer, Emmy Award-winning comedian, actress, writer, and star, mines her past for stories about her teenage years, her family, relationship, and sex, and shares the experiences that have shaped who she is -- a woman with the courage to bare her soul and stand up for what she believes in, all while making us laugh. Ranging from the raucous to the romantic, the heartfelt to the harrowing, this entertaining collection is the literary equivalent of a night out with your best friend.
590 ## - NOTA LOCAL
Texto de la nota local Inventariado, 2023/VM
600 14 - ENCABEZAMIENTO DE MATERIA--NOMBRE PERSONAL
Nombre personal Schumer, Amy.
650 #4 - ENCABEZAMIENTO DE MATERIA--TEMÁTICO
Término temático o nombre geográfico como elemento de entrada Comediantes
Subdivisión geográfica Estados Unidos
Subdivisión de forma Biografía
650 #0 - ENCABEZAMIENTO DE MATERIA--TEMÁTICO
Término temático o nombre geográfico como elemento de entrada Actores
Subdivisión geográfica Estados Unidos
Subdivisión de forma Biografías
910 ## - VALIDACIÓN
Validación VMateo V. Control de calidad. BPMSU
942 ## - ADDED ENTRY ELEMENTS (KOHA)
Source of classification or shelving scheme Dewey Decimal Classification
Koha item type Libros
Existencias
Withdrawn status Lost status Source of classification or shelving scheme Damaged status Not for loan Collection code Home library Current library Date acquired Total Checkouts Full call number Barcode Date last seen Price effective from Koha item type
    Dewey Decimal Classification     Colección General Biblioteca Pública Metropolitana Salomé Ureña Biblioteca Pública Metropolitana Salomé Ureña 11/07/2023   BPMSU CG 792.2 S392g 2016 BPMSU23110006 11/07/2023 11/07/2023 Libros